000 00748nam a2200241Ia 4500
003 OSt
005 20220923214822.0
006 a|||||r|||| 00| 0
007 ta
008 220922b |||||||| |||| 00| 0 hin d
024 _a173,082
037 _cTextual
040 _aARTS
_cARTS
_bhin
041 _2hin
_ahin
082 _aO152,6N12x, J4
100 _aशर्मा, रामविलास
245 0 _aभाषा साहित्य और संस्कृति
246 _aBhāṣhā sāhitya aur sanskṛuti
260 _c1954
650 _aहिन्दी साहित्य
_9156264
942 _hO152,6N12x, J4
_cTEXL
_2CC
999 _c326989
_d326989